000 01326cam a22003737a 4500
003 CHAP
005 20220817043753.0
008 010517d2000 mx r 00110 spa d
010 _a83925
011 _a84897
035 _a95423
040 _cCHAP
090 _aTesis
100 0 0 _aFigueroa Campero, Mario Alberto.
_940800
245 1 0 _aMétodos de establecimiento de siete especies de leguminosas forrajeras en el municipio de Huhuetan, Chiapas
_c/por Mario Alberto Figueroa Campero
260 _aHuehuetan, Chis. :
_bEl autor,
_c2000.
300 _a76 h. ;
_btablas
502 _aTesis (Ing. Agr. Tropical) - - Universidad Autónoma de Chiapas. Facultad de Ciencias Agrícolas Campus IV
590 _aALEPH
_b10
_c20130110
_lUCH01
_h1442
590 _aBATCH-UPD
_b10
_c20130109
_lUCH01
_h2357
590 _aBATCH-UPD
_b10
_c20130110
_lUCH01
_h0357
590 _aBATCH-UPD
_b10
_c20130110
_lUCH01
_h1858
590 _aCONVERSION
_b10
_c20130109
_lUCH01
_h1347
650 1 4 _aCajanus indicus.
650 1 4 _aCanavalia ensiformes.
_918287
650 1 4 _aKudzu.
_964031
650 1 4 _aLeguminosas
_xRendimiento.
_965849
650 1 4 _aMucuna pruriens.
_979260
650 1 4 _aPhaseolus aurus.
_987772
901 _aBK
905 _aMayto Villalobos S.
942 _cTESIS
949 _aTesis
_bBC
_cTES
_d954231
_eTS1
_h38079
_i95423
_sb
999 _c83925
_d83925